| 000 | 00642nam a22002297a 4500 | ||
|---|---|---|---|
| 003 | OSt | ||
| 005 | 20140310181939.0 | ||
| 008 | 130724t xxu||||| |||| 00| 0 eng d | ||
| 020 | _a0553211781 | ||
| 050 |
_aPR 4074 _b.B275 1985 |
||
| 082 |
_aCLA _bB27p 1985 |
||
| 100 | _aBarrie, J.M. | ||
| 245 |
_aPeter Pan / _cby J.M. Barrie. |
||
| 260 |
_aNew York : _bBantam Books, _cc1985. |
||
| 300 |
_a169 p. ; _b19 cm. |
||
| 541 | _j1 | ||
| 562 | _e1 | ||
| 650 |
_aPeter Pan (Fictitious character) _93541 |
||
| 650 |
_aPeter Pan (Fictitious character) _xJuvenile literature. _93542 |
||
| 700 | _aBarrie, J.M. | ||
| 942 |
_2lcc _cBBK _kCLA |
||
| 999 |
_c7609 _d7609 |
||